Evangelio según Mateo : (Registro nro. 11461)

Detalles MARC
000 -LIDER
fixed length control field 00824nam a22002537a 4500
003 - IDENTIFICACDOR DE NÚMERO DE CONTROL
control field DO-SdBPM
005 - DATE AND TIME OF LATEST TRANSACTION
control field 20250603101349.0
008 - ELEMENTOS DE LONGITUD FIJA
fixed length control field 160920b1986 pr |||| 00| 0 spa d
040 ## - FUENTE DE CATALOGACIÓN
Agencia que crea de manera original el registro DO-SdBPM
Idioma de catalogación spa
Agencia que realiza la transcripción BPMSU
082 #4 - NÚMERO DE CLASIFICACIÓN DECIMAL DE DEWEY
Classification number 226.2
Item number S927e 1986
Edition number 22
100 1# - ASIENTO PRINCIPAL -- NOMBRE PERSONAL
Nombre personal Struik O. P. Félix
245 10 - MENCIÓN DE TITULO
Título Evangelio según Mateo :
Subtítulo comentarios para la calle /
Mención de responsabilidad Félix Struik O. P.
250 ## - MENCIÓN DE EDICION
Mención de edición 2a. ed.
260 ## - PUBLICACIÓN, DISTRIBUCIÓN, ETC. (PIE DE IMPRENTA)
Lugar de publicación, distribución, etc Bayamón, Puerto Rico:
Nombre del editor, distribuidor, etc. Centro de Estudios de los Dominicos del Caribe,
Fecha de publicación, distribución, etc 1986.
300 ## - DESCRIPCIÓN FÍSICA
Extensión 257 p. :
Otros detalles físicos il. ;
Dimensiones 21 cm
490 0# - MENCIÓN DE SERIES
Mención de serie Estudios pastorales,
Volume/sequential designation 2
500 ## - NOTA GENERAL
Nota general Incluye datos biográficos del autor.
590 ## - NOTA LOCAL
Texto de la nota local Inventariado, 2025/VM
600 14 - ENCABEZAMIENTO DE MATERIA--NOMBRE PERSONAL
Nombre personal Jesucristo
Subdivisión temática general Enseñanzas.
650 #4 - ENCABEZAMIENTO DE MATERIA--TEMÁTICO
Término temático o nombre geográfico como elemento de entrada Evangelios.
650 #4 - ENCABEZAMIENTO DE MATERIA--TEMÁTICO
Término temático o nombre geográfico como elemento de entrada Cristianismo.
910 ## - VALIDACIÓN
Validación VMateo V. Control de calidad. BPMSU
942 ## - ADDED ENTRY ELEMENTS (KOHA)
Source of classification or shelving scheme Dewey Decimal Classification
Koha item type Libros
Existencias
Withdrawn status Lost status Source of classification or shelving scheme Damaged status Not for loan Collection code Home library Current library Date acquired Source of acquisition Total Checkouts Full call number Barcode Date last seen Price effective from Koha item type
    Dewey Decimal Classification     Colección General Biblioteca Pública Metropolitana Salomé Ureña Biblioteca Pública Metropolitana Salomé Ureña 09/20/2016 Rafael García C.   BPMSU CG 226.2 S927e 1986 BPMSU16090429 09/20/2016 09/20/2016 Libros